| 000 | 00420cam a2200157ua 4500 | ||
|---|---|---|---|
| 041 |
_aeng _h |
||
| 082 |
_a028.7621 _bMCN/CH |
||
| 100 | _aMcnaughton, Kenneth J . | ||
| 245 |
_aChemical engineering guide to pumps / _cJ Kenneth Mcnaughton. _hTextual Documents |
||
| 250 |
_a1 / _b. |
||
| 260 |
_aNew York : _bMcGraw Hill Book Company , _c1984. |
||
| 300 | _a325 ; . | ||
| 504 | _a | ||
| 942 | _cBK | ||
| 999 |
_c8847 _d8847 |
||